| 000 | 01494nam a22003737a 4500 | ||
|---|---|---|---|
| 001 | 3542357 | ||
| 003 | OSt | ||
| 005 | 20210426125505.0 | ||
| 008 | 970402s1998 nju b 001 0beng | ||
| 010 | _a 97013566 | ||
| 020 | _a0691016879 (cloth : alk. paper) | ||
| 040 |
_aDLC _cDLC _dDLC |
||
| 043 | _ae-fr--- | ||
| 050 | 0 | 0 |
_aQD22.L4 _bH65 1998 |
| 080 |
_a001 _bH-75 |
||
| 082 | 0 | 0 |
_a540/.92 _aB _221 |
| 100 | 1 | _aHolmes, Frederic Lawrence. | |
| 245 | 1 | 0 |
_aAntoine Lavoisier, the next crucial year, or The sources of his quantitative method in chemistry / _cFrederic Lawrence Holmes. |
| 246 | 3 | 0 | _aAntoine Lavoisier, the next crucial year |
| 246 | 3 | 0 | _aSources of his quantitative method in chemistry |
| 260 |
_aPrinceton, N.J. : _bPrinceton University Press, _cc1998. |
||
| 300 |
_avii, 184 p. ; _c25 cm. |
||
| 504 | _aIncludes bibliographical references (p. 157-180) and index. | ||
| 600 | 1 | 0 |
_aLavoisier, Antoine Laurent, _d1743-1794. |
| 650 | 0 |
_aChemists _zFrance _xBiography. |
|
| 650 | 0 |
_aChemistry _zFrance _xHistory _y18th century. |
|
| 650 | 0 | _aCreative ability in science. | |
| 653 | _aმეცნიერება | ||
| 856 | 4 | 2 |
_3Publisher description _uhttp://www.loc.gov/catdir/description/prin031/97013566.html |
| 856 | 4 | 1 |
_3Table of contents _uhttp://www.loc.gov/catdir/toc/prin031/97013566.html |
| 906 |
_a7 _bcbu _corignew _d1 _eocip _f19 _gy-gencatlg |
||
| 942 |
_2udc _cBK |
||
| 999 |
_c1079 _d1079 |
||